2009 yılı bütçe sunuş konuşması (Record no. 9509)
[ view plain ]
| 000 -BAŞLIK | |
|---|---|
| Sabit Uzunlukta Kontrol Alanı | 00789na a2200253 4500 |
| 001 - KONTROL NUMARASI | |
| Denetim Alanı | 22870 |
| 003 - KONTROL NUMARASI IDENTIFIER | |
| Denetim Alanı | MIRAKIL |
| 005 - SON İŞLEM TARİHİ VE ZAMANI | |
| Denetim Alanı | 20181213155249.0 |
| 008 - SABİT-BOY VERİ ELEMANLARI - GENEL BİLGİLER | |
| Sabit Uzunlukta Kontrol Alanı | 170228b tu 000 0 |
| 035 ## - SİSTEM KONTROL NUMARASI | |
| Sistem Kontrol Numarası | 17652 |
| 040 ## - KATALOGLAMA KAYNAK | |
| Orijinal Kataloglama Ajansı | Milas |
| Kataloglama Dili | tur |
| Metne Dönüştürmek Ajansı | TR-AnCHP |
| 041 ## - DİL KODU | |
| Metin / Ses Parça Veya Ayrı Başlığın Dil Kodu | tur |
| 082 ## - DEWEY ONLU SINIFLANDIRMA NUMARASI | |
| Sınıflandırma Numarası | 351.77256 |
| Ürün Numarası | Ş23i 2008 |
| 090 ## - SINIFLAMA NUMARASI | |
| Sınıflama Numarası | 351.77256 Ş23i 2008 |
| 100 ## - ANA GİRİŞ - KİŞİSEL İSİM | |
| Kişisel Ad | Şahin, Mehmet Ali |
| 245 ## - BAŞLIK TABLOSU | |
| Başlık | 2009 yılı bütçe sunuş konuşması |
| Başlığın Kalan | (TBMM Plan ve Bütçe Komisyonu) |
| Sorumluluk Tablosu, Vb | Mehmet Ali Şahin |
| 246 ## - UNVAN FORM VARYING | |
| Başlık Doğru / Kısa Başlığı | TBMM Plan ve Bütçe Komisyonu |
| 260 ## - YAYIN, DAĞITIM, VB | |
| Yayın, Dağıtım, Vb Yeri | Ankara |
| Yayıncı, Dağıtıcı, Vs Adı | Maliye Bakanlığı |
| Yayın, Dağıtım, Vb Tarihi | 2008 |
| 300 ## - FİZİKSEL TANIM | |
| Kapsam | 47 s. |
| Boyutlar | 24 sm. |
| 610 ## - KONU KATMA GİRİŞ - TOPLANTI ADI | |
| Giriş Elemanı Olarak Kurumsal Ad Veya Yargı Alanı Adı | Maliye Bakanlığı |
| Genel Alt Bölüm | Konuşmalar, 2008 |
| Kronolojik Alt Bölüm | Bütçe |
| 610 ## - KONU KATMA GİRİŞ - TOPLANTI ADI | |
| Giriş Elemanı Olarak Kurumsal Ad Veya Yargı Alanı Adı | Maliye Bakanlığı |
| Genel Alt Bölüm | Bütçe görüşmeleri |
| 650 ## - KONU KATMA GİRİŞ - TOPİKAL DÖNEM | |
| Topikal Süreli Veya Coğrafi Ad Giriş Elemanı | TBMM |
| Genel Alt Bölümü | Meclis konuşmaları |
| 942 ## - EKLENDİ GİRİŞ ELEMANLARI (KOHA) | |
| Sınıflandırma Veya Raf Düzeni Kaynak | Dewey Decimal Classification |
| Koha Öğesi Türü | Books |
| 999 ## - SİSTEM KONTROL NUMARALARI (KOHA) | |
| Koha Biblionumber | 9509 |
| Koha Biblioitemnumber | 9509 |
| Kullanım Kısıtlamaları | Kalıcı Konum | Mevcut Konum | Edinme Tarihi | Edinim Kaynak | Toplam Check-Out'Lar | Tam Çağrı Numarası | Barkod | Tarih Son Görülme | İtibaren Geçerli Fiyatlar | Koha Öğesi Türü |
|---|---|---|---|---|---|---|---|---|---|---|
| Kütüphane dışına çıkarılamaz | CHP Kütüphanesi | CHP Kütüphanesi | 02/28/2017 | Bağış | 351.77256 Ş23i 2008 | 016775 | 02/28/2017 | 02/28/2017 | Books |
